000 00697nam a2200241Ia 4500
003 OSt
005 20220930065144.0
006 a|||||r|||| 00| 0
007 ta
008 220926b |||||||| |||| 00| 0 eng d
024 _a5219
037 _cTheses
040 _aCRL
_cCRL
_beng
041 _2eng
_aeng
100 _aKasturi Bhashyam
_9525497
110 _aUniversity of Delhi. Faculty of Social Sciences. Department of History
245 0 _aGandhi, communalism and partition
_b 1946-47
260 _c1994
650 _aHISTORY
700 _aUniversity of Delhi. Faculty of Social Sciences. Department of History
942 _cDIS
_2CC
999 _c859178
_d859178